LIBRARY & INFORMATION CENTRE, KCAET, TAVANUR

ONLINE PUBLIC ACCESS CATALOGUE (OPAC)

Foods / (Record no. 6011)

MARC details
000 -LEADER
fixed length control field 00407cam a2200157ua 4500
041 ## - LANGUAGE CODE
Language code of text/sound track or separate title eng
082 ## - DEWEY DECIMAL CLASSIFICATION NUMBER
Classification number 641.3
Item number HAR/FO
100 ## - MAIN ENTRY--AUTHOR NAME
Personal name Harris, Florence Laganke .
245 ## - TITLE STATEMENT
Title Foods /
260 ## - PUBLICATION, DISTRIBUTION, ETC. (IMPRINT)
Place of publication Boston :
Name of publisher D.C Health and company ,
Year of publication 1954.
300 ## - PHYSICAL DESCRIPTION
Number of Pages 602 ; .
700 1# - ADDED ENTRY--PERSONAL NAME
Personal name Henderson, Ruth Adele .
942 ## - ADDED ENTRY ELEMENTS (KOHA)
Koha item type Books
Holdings
Withdrawn status Lost status Damaged status Home library Current library Date acquired Full call number Accession Number Koha item type
      KAUAET KAUAET 07/04/2012 641.3 744 Books
free website counter